000 00315nam a2200121Ia 4500
008 220204s9999 xx 000 0 und d
082 _a577.1:541.64
_bHIX
245 0 _aPolymer grafts in biochemistry
260 _aNew York
_bMarcel Dekker
700 _aGoldberg, Eugene P
700 _aHixon, Harry F
942 _cBK
999 _c24640
_d24640